Đánh giá thực trạng và giải pháp phát triển nông nghiệp - thuỷ sản huyện Mang Thít, tỉnh Vĩnh Long đến năm 2020 : Luận văn Thạc sĩ chuyên ngành Phát triển Nông thôn

Đề tài được thực hiện nhằm đánh giá thực trạng và giải pháp phát triển nông nghiệp - thủy sản tại huyện Mang Thít, tỉnh Vĩnh Long, xác định những thuận lợi và khó khăn từ đó đề xuất các giải pháp và cung cấp cơ sở khoa học cho công tác...

Volledige beschrijving

Bewaard in:
Bibliografische gegevens
Hoofdauteur: Lê, Đình Thắng
Formaat: Boek
Taal:Undetermined
Gepubliceerd in: Cần Thơ Trường Đại học Cần Thơ 2012
Onderwerpen:
Tags: Voeg label toe
Geen labels, Wees de eerste die dit record labelt!
Thư viện lưu trữ: Trung tâm Học liệu Trường Đại học Cần Thơ
LEADER 01459nam a2200217Ia 4500
001 CTU_177566
008 210402s9999 xx 000 0 und d
082 |a 338.1 
082 |b Th116 
088 |a 60620116 
100 |a Lê, Đình Thắng 
245 0 |a Đánh giá thực trạng và giải pháp phát triển nông nghiệp - thuỷ sản huyện Mang Thít, tỉnh Vĩnh Long đến năm 2020 : 
245 0 |b Luận văn Thạc sĩ chuyên ngành Phát triển Nông thôn 
245 0 |c Lê Đình Thắng ; Vũ Anh Pháp (Hướng dẫn khoa học) 
260 |a Cần Thơ 
260 |b Trường Đại học Cần Thơ 
260 |c 2012 
520 |a Đề tài được thực hiện nhằm đánh giá thực trạng và giải pháp phát triển nông nghiệp - thủy sản tại huyện Mang Thít, tỉnh Vĩnh Long, xác định những thuận lợi và khó khăn từ đó đề xuất các giải pháp và cung cấp cơ sở khoa học cho công tác phát triển nông nghiệp - thủy sản đến năm 2020, giúp mang lại hiệu quả kinh tế và phát triển toàn diện hướng đến nền nông nghiệp bền vững 
650 |a Rural development,Phát triển nông thôn 
904 |i Phú,Hải 
980 |a Trung tâm Học liệu Trường Đại học Cần Thơ